| 000 | 01201cam a22003617a 4500 | ||
|---|---|---|---|
| 003 | CHAP | ||
| 005 | 20220817044020.0 | ||
| 008 | 050415d2004 mx r 00110 spa d | ||
| 010 | _a90088 | ||
| 011 | _a91060 | ||
| 020 | _a9688847720 | ||
| 035 | _a101618 | ||
| 040 | _cCHAP | ||
| 082 | 0 | 4 |
_a631.521 _bF5 |
| 100 | 0 | 0 |
_aFlores Hernández, Arnoldo. _941580 |
| 245 | 1 | 0 |
_aIntroducción a la tecnología de las semillas _c/por Arnoldo Flores Hernández |
| 260 |
_aChapingo, Méx. : _bUACH. Unidad Regional Universitaria de Zonas Aridas, _c2004. |
||
| 300 | _a160 p. | ||
| 590 |
_aBATCH-UPD _b10 _c20130110 _lUCH01 _h0839 |
||
| 590 |
_aBATCH-UPD _b10 _c20130410 _lUCH01 _h0517 |
||
| 590 |
_aBATCH-UPD _b10 _c20130914 _lUCH01 _h1419 |
||
| 590 |
_aCONVERSION _b10 _c20130109 _lUCH01 _h1350 |
||
| 650 | 1 | 4 |
_aSemillas _xAlmacenamiento. _9103875 |
| 650 | 1 | 4 |
_aSemillas _xCalidad. _9103881 |
| 650 | 1 | 4 |
_aSemillas _xFisiología y morfología. _9103902 |
| 650 | 1 | 4 |
_aSemillas _xMejoramiento. |
| 650 | 1 | 4 |
_aSemillas _xProducción. _9103927 |
| 650 | 1 | 4 | _aTransgénicos. |
| 901 | _aBK | ||
| 905 | _aLilia | ||
| 942 | _cLIBRO | ||
| 949 |
_a631.521 F5 _bBC _cUACH _d33724000946323 _eUACH _h105477 _i101618 _mc/e _sb _t$120.00 |
||
| 999 |
_c90088 _d90088 |
||